Monografías de política, tecnología e integración/
Furkejuvvon:
| Searvvušdahkki: | |
|---|---|
| Materiálatiipa: | Girji |
| Giella: | Spanish |
| Almmustuhtton: |
Guatemala:
SIECA,
1986-
|
| Fáttát: | |
| Fáddágilkorat: |
Lasit fáddágilkoriid
Eai fáddágilkorat, Lasit vuosttaš fáddágilkora!
|
MARC
| LEADER | 00000nam a22000007a 4500 | ||
|---|---|---|---|
| 003 | cru CIDCACS/IIS | ||
| 005 | 20200730115641.0 | ||
| 008 | 200730s1986 gt |||p|r||||||0| ||spa|d | ||
| 999 | |c 43277 |d 43277 | ||
| 040 | |c cru CIDCACS/IIS | ||
| 090 | |a REV0662 | ||
| 110 | 2 | |9 9482 |a Secretaría Permanente del Tratado General de Integración Económica Centroamericana | |
| 245 | 1 | |a Monografías de política, tecnología e integración/ |c Secretaría Permanente del Tratado General de Integración Económica Centroamericana | |
| 260 | |a Guatemala: |b SIECA, |c 1986- | ||
| 270 | |a Departamento de Ciencia y Tecnología apdo. 1237 |d Guatemala | ||
| 500 | |a EXISTENCIAS : 1986 1 (3, 6) 1987 2 (2, 4) | ||
| 650 | 0 | |9 1732 |a CIENCIA Y TECNOLOGIA | |
| 650 | 0 | |9 243 |a ESTADO | |
| 942 | |2 ddc |c PP | ||
